| 000 | 00396nam a22001457a 4500 | ||
|---|---|---|---|
| 005 | 20241216042528.0 | ||
| 008 | 241216b |||||||| |||| 00| 0 eng d | ||
| 082 |
_222 _a144 _bDRE |
||
| 100 | _aHsueh-chin | ||
| 245 | _aDream of the red chamber | ||
| 260 |
_aHong Kong _bSeagull Publishing CO., _c1980 |
||
| 300 | _a113 p ., | ||
| 500 | _aSelections from China's Great Classical Novels. | ||
| 942 | _cL | ||
| 999 |
_c5936 _d5936 |
||